| 000 | 00646nam a2200121Ia 4500 | ||
|---|---|---|---|
| 008 | 171212s9999 xx 000 0 und d | ||
| 020 | _a9780833085467 | ||
| 100 | _aGarber, Steven;Gates, Susan M.;Keeler, Emmett B.;Vaiana, Mary E.;Mulcahy, Andrew W.;Lau, Christopher;Kellermann, Arthur L. | ||
| 245 |
_cGarber, Steven;Gates, Susan M.;Keeler, Emmett B.;Vaiana, Mary E.;Mulcahy, Andrew W.;Lau, Christopher;Kellermann, Arthur L. _aRedirecting Innovation in U.S. Health Care _bOptions to Decrease Spending and Increase Value |
||
| 260 |
_bRAND Corporation _c2014 |
||
| 650 | _aHealth Sciences | ||
| 856 | _uhttp://www.jstor.org/stable/10.7249/j.ctt6wq8jv | ||
| 999 |
_c352482 _d352482 |
||